|
|
|
|
| LEADER |
00000ny a22000003n 4500 |
| 005 |
2011062807387.0 |
| 008 |
981019s1998 sp s 000 0 spa c |
| 020 |
|
|
|a 8495027143
|
| 035 |
|
|
|a 364
|
| 040 |
|
|
|a UMA.CEE
|d vLex
|
| 040 |
|
|
|a UMA.RE
|d vLex
|
| 080 |
|
|
|a 351.712.5:696.6(460)
|
| 080 |
|
|
|a 696.6:351.712.5(460)
|
| 090 |
|
|
|c 1167
|d 1167
|
| 100 |
1 |
|
|a Colom Piazuelo, Eloy
|
| 245 |
1 |
4 |
|a Las expropiaciones forzosas en el sector elčtrico
|h [Recurso electrn̤ico]
|c Eloy Colom Piazuelo
|
| 256 |
|
|
|a Servicio en ln̕ea
|
| 260 |
|
|
|a Barcelona :
|b Cedecs,
|c 1998
|
| 300 |
|
|
|a 320 p. ;
|c 23 cm
|
| 504 |
|
|
|a Bibliogr.: p. 303-320
|
| 506 |
1 |
|
|a Contenido solo disponible en los productos indicados
|d vLex Global
|d vLex Global (Academic Edition, excluding Law Schools)
|d vLex Global (U.S. Academic Edition, Law Schools)
|d vLex Global (U.S. Academic Edition, excluding Law Schools)
|d vLex Global (Academic Edition, Law Schools)
|
| 650 |
0 |
7 |
|a Expropiacin̤
|2 Tesauro vLex
|
| 650 |
0 |
7 |
|a Administrativo
|2 Tesauro vLex
|
| 650 |
0 |
7 |
|a Expropiacin̤ forzosa
|2 Tesauro vLex
|
| 650 |
0 |
7 |
|a Electricidad
|2 Tesauro vLex
|
| 740 |
0 |
|
|a vLex Libros (Servicios en ln̕ea)
|
| 856 |
4 |
0 |
|u http://vlex.com/source/364
|z Acceso restringido
|
| 942 |
|
|
|c BOOK
|